Quel pays d'Europe a obtenu ce meilleur résultat aux JO d'été ? - Statistiques

Statistiques générales
  • Ce quiz a été pris 4 fois
  • Le résultat moyen est 21 sur 69
Statistiques - réponses
Hint Réponse % Correct
De 1948 à 2024 2024 64 médailles France
100%
De 1948 à 2024 1992 82 médailles Allemagne
75%
De 1896 à 1936 1900 103 médailles France
75%
De 1896 à 1936 1908 146 médailles Grande-Bretagne | Royaume-Uni
75%
De 1948 à 2024 2016 67 médailles Grande-Bretagne | Royaume-Uni
75%
De 1948 à 2024 2004 92 médailles Russie
75%
De 1896 à 1936 1896 47 médailles Grèce
50%
De 1948 à 2024 2020 & 2024 40 médailles Italie
50%
De 1896 à 1936 1936 89 médailles Allemagne
25%
De 1896 à 1936 1936 13 médailles Autriche
25%
De 1948 à 2024 2004 7 médailles Autriche
25%
De 1948 à 2024 2016 18 médailles Azerbaïdjan
25%
De 1896 à 1936 1920 36 médailles Belgique
25%
De 1948 à 2024 2024 10 médailles Belgique
25%
De 1948 à 2024 2000 17 médailles Biélorussie
25%
De 1896 à 1936 1896 1924 1928 & 1936 0 médaille Bulgarie
25%
De 1948 à 2024 1980 41 médailles Bulgarie
25%
De 1948 à 2024 2016 10 médailles Croatie
25%
De 1896 à 1936 1920 13 médailles Danemark
25%
De 1948 à 2024 2016 15 médailles Danemark
25%
De 1896 à 1936 1920 2 médailles Espagne
25%
De 1948 à 2024 1992 22 médailles Espagne
25%
De 1896 à 1936 1936 7 médailles Estonie
25%
De 1948 à 2024 2000 & 2004 3 médailles Estonie
25%
De 1896 à 1936 1924 37 médailles Finlande
25%
De 1948 à 2024 1952 22 médailles Finlande
25%
De 1948 à 2024 2008 2012 2016 & 2024 7 médailles Géorgie
25%
De 1948 à 2024 2004 16 médailles Grèce
25%
De 1896 à 1936 1936 16 médailles Hongrie
25%
De 1948 à 2024 1952 42 médailles Hongrie
25%
De 1896 à 1936 1932 2 médailles Irlande
25%
De 1948 à 2024 2024 7 médailles Irlande
25%
De 1948 à 2024 1956 1984 2000 & 2008 1 médaille Islande
25%
De 1896 à 1936 1932 36 médailles Italie
25%
De 1948 à 2024 2016 17 médailles Kazakhstan
25%
De 1948 à 2024 2020 & 2024 2 médailles Kosovo
25%
De 1896 à 1936 1936 2 médailles Lettonie
25%
De 1948 à 2024 2004 4 médailles Lettonie
25%
De 1896 à 1936 1924 & 1928 0 médaille Lituanie
25%
De 1948 à 2024 2000 2008 & 2012 5 médailles Lituanie
25%
De 1896 à 1936 1920 & 1920 1 médaille Luxembourg
25%
De 1948 à 2024 1952 1 médaille Luxembourg
25%
De 1948 à 2024 2000 & 2020 1 médaille Macédoine
25%
De 1948 à 2024 2024 3 médailles Moldavie
25%
De 1948 à 2024 2012 1 médaille Monténégro
25%
De 1896 à 1936 1920 31 médailles Norvège
25%
De 1948 à 2024 2000 10 médailles Norvège
25%
De 1896 à 1936 1928 19 médailles Pays-Bas
25%
De 1948 à 2024 2020 36 médailles Pays-Bas
25%
De 1896 à 1936 1932 7 médailles Pologne
25%
De 1948 à 2024 1980 32 médailles Pologne
25%
De 1896 à 1936 19241928 & 1936 1 médaille Portugal
25%
De 1948 à 2024 2020 4 médailles Portugal
25%
De 1896 à 1936 1924 & 1936 1 médaille Roumanie
25%
De 1948 à 2024 1984 53 médailles Roumanie
25%
De 1896 à 1936 1912 5 médailles Russie
25%
De 1948 à 2024 2020 3 médailles Saint-Marin
25%
De 1896 à 1936 1912 0 médaille Serbie
25%
De 1948 à 2024 2020 & 2024 5 médailles Serbie
25%
De 1896 à 1936 2012 3 médailles Slovaquie
25%
De 1948 à 2024 2008 & 2020 5 médailles Slovénie
25%
De 1896 à 1936 1912 65 médailles Suède
25%
De 1948 à 2024 1984 19 médailles Suède
25%
De 1896 à 1936 1924 25 médailles Suisse
25%
De 1948 à 2024 2020 13 médailles Suisse
25%
De 1948 à 2024 1996 & 2012 11 médailles Tchéquie
25%
De 1896 à 1936 1936 2 médailles Turquie
25%
De 1948 à 2024 2020 13 médailles Turquie
25%
De 1948 à 2024 1996 & 2000 23 médailles Ukraine
25%
Aucun quiz correspondant
Distribution des résultats
% des personnes avec chaque résultat
Percentile par nombre de réponses
Votre historique - résultats
Vous n’avez pas pris ce quiz